Normal view
MARC view
Entry Topical Term
001 - CONTROL NUMBER
- control field: 108036
003 - CONTROL NUMBER IDENTIFIER
- control field: OSt
005 - DATE AND TIME OF LATEST TRANSACTION
- control field: 20230518113122.0
008 - FIXED-LENGTH DATA ELEMENTS
- fixed length control field: 230518|| aca||aabn | a|a d
040 ## - CATALOGING SOURCE
- Original cataloging agency: OSt
- Transcribing agency: OSt
150 ## - HEADING--TOPICAL TERM
- Topical term or geographic name entry element: Fruits & Vegetables
670 ## - SOURCE DATA FOUND
- Source citation: Work cat.: (OSt)165058: CHAVAN (U D);PATIL (J V). 108035, Industrial processing of fruits and vegetables., 2013